| 000 | 00390cam a2200157ua 4500 | ||
|---|---|---|---|
| 041 |
_aeng _h |
||
| 082 |
_a823.308 _bAIN/WI |
||
| 100 | _aAinsworth, Harrison . | ||
| 245 |
_aWindsor castle / _cHarrison Ainsworth. _hTextual Documents |
||
| 250 |
_a1 / _b. |
||
| 260 |
_aLondon : _bJ M Dent and Sons Ltd , _c1952. |
||
| 300 | _a307 ; . | ||
| 504 | _a | ||
| 942 | _cBK | ||
| 999 |
_c7811 _d7811 |
||